Bâtiments de la marine française - Statistiques

Statistiques générales
  • Ce quiz a été pris 145 fois
  • Le résultat moyen est 8 sur 43
Statistiques - réponses
Catégorie Réponse % Correct
Porte-avion Charles de Gaulle
96%
SNA "Rubis"
70%
Bâtiments amphibie PHA "Mistral"
68%
Sous-Marins SNLE "Le Triomphant"
56%
FREMM "Aquitaine"
54%
Frégate de second rang FLF "La Fayette"
48%
Bâtiments-écoles Type Léopard
33%
Frégate de premier rang FDA "Horizon"
32%
Frégate de surveillance FS "Prairial"
28%
FAA "Cassard"
20%
Bâtiments de service public affrétés Bâtiments de soutien et d'assistance affrétés (BSAA) :
18%
Bâtiments de ravitaillement Batiment de commandement et ravitaillement (BCR)
17%
FASM "Georges Leygues"
17%
Bâtiment d'expérimentations de guerre des mines
15%
Bâtiments de soutien et d'assistance outre-mer (BSAOM) de classe d'Entrecasteaux
15%
Bâtiments de guerre des mines Chasseurs de mines tripartite (CMT) de classe Éridan
15%
Bâtiments de soutien et d'assistance Bâtiments de soutien et d'assistance métropolitain (BSAM) de classe Loire
13%
CTM
13%
Bâtiments remorqueur de sonars (BRS) de classe Antarès
12%
EDA-R
12%
Patrouilleurs légers Patrouilleurs de service public (PSP) de classe OPV 54
12%
Bâtiment hydrographique et océanographique (BHO)
11%
Bâtiments base de plongeurs démineurs (BBPD) de classe Vulcain
11%
Autres bâtiments de soutien Navire polaire (Astrolabe)
11%
Patrouilleurs Antilles Guyane (PAG) de classe La Confiance
11%
Voiliers goélettes (Etoile, Belle-Poule)
10%
Bâtiments hydrographiques et océanographiques Bâtiments hydrographiques (BH) de classe Lapérouse
9%
Patrouilleurs de classe P400
8%
Bâtiment de surveillance
6%
Bâtiments de mesures Bâtiment d'essais et de mesures
5%
Yawl (La Grande Hermine)
5%
Cotre (Mutin, Feu Follet)
4%
Type Glycine
4%
Chaland Releveur d'Ancrage (CRA)
3%
Embarcation remonte-filet (ERF)
3%
Remorqueurs d'intervention, d'assistance et de sauvetage (RIAS) :
3%
Bâtiments de soutien à la plongée Bâtiment de soutien à la plongée (BSP)
2%
Remorqueurs d'intervention en haute mer (RIHM) :
1%
Type Engageante
1%
Bâtiments d'entrainement Bâtiments plastrons d'entrainement :
0%
Bâtiments de ravitaillement des bases militaires Bâtiments rouliers de la Compagnie nationale de navigation
0%
Chaland de transport de matériel (CTM)
0%
Navire océanographique
0%
Aucun quiz correspondant
Distribution des résultats
% des personnes avec chaque résultat
Percentile par nombre de réponses
Votre historique - résultats
Vous n’avez pas pris ce quiz